000 00378nam a2200169Ia 4500
003 STCL
008 181203s9999 xx 000 0 und d
020 _a9780141184944
040 _aSTCL
_bEN
_cSTCL
082 _222
100 _aCarson, Rachel
245 0 _aSilent Spring
260 _bPenguin Books
_aLondon
_c2000
300 _a323
546 _aEnglish
942 _2ddc
_cBK
999 _c87016
_d87016